2024 2/ Calendrier de l'Avent géographie 1 - Statistiques

Statistiques générales
  • Ce quiz a été pris 55 fois
  • Le résultat moyen est 36 sur 49
Statistiques - réponses
Hint Réponse % Correct
A Allemagne
91%
A Arménie
91%
V Venezuela
91%
A Albanie
87%
E Espagne
87%
N Namibie
87%
V Vatican
87%
A Afghanistan
85%
A Afrique-du-Sud
83%
A Angola
83%
E Erythrée
83%
T Turquie
83%
A Argentine
81%
E Equateur
81%
E Estonie
81%
E Ethiopie
81%
N Nicaragua
81%
T Togo
81%
T Tunisie
81%
V Vanuatu
81%
A Algérie
79%
A Azerbaïdjan
79%
A Australie
77%
E Etats-Unis
77%
T Tadjikistan
77%
V Vietnam
77%
N Norvège
74%
A Autriche
72%
N Niger
72%
N Nigeria
72%
T Tanzanie
72%
T Thaïlande
72%
T Turkménistan
72%
A Antigua-et-Barbuda
70%
A Arabie Saoudite
70%
N Nouvelle-Zélande
70%
A Andorre
66%
E Egypte
64%
N Népal
64%
E Eswatini
62%
N Nauru
62%
T Tonga
62%
T Tuvalu
62%
T Trinité-et-Tobago
60%
E Emirats Arabes Unis
55%
T Timor oriental
53%
T Tchad
47%
T Tchéquie
34%
N Niue
2%
Aucun quiz correspondant
Distribution des résultats
% des personnes avec chaque résultat
Percentile par nombre de réponses
Votre historique - résultats
Vous n’avez pas pris ce quiz